000
00166 a2200097 4500
001
23630
100
_a
245
_a
260
_a
_b
Unwin
_c
090
_c
16012
_d
16012
942
_a
NUST-CAE
_c
_c
6684
999
_c
258703
_d
258703